Statistiche per Quiz sulla Guinea

Clicka qui per fare il quiz!

Statistiche generali

  • Questo quiz è stato fatto 215 volte
  • Il punteggio medio è 14 su 18

Statistiche sulle risposte

HintRisposta% Corretto
Guinea Bissau
97%
Lingua ufficialeFrancese
96%
Mali
96%
Senegal
96%
Religione principaleIslam
95%
Malattia di cui la Guinea ha subito una grave epidemia nel 2014 Ebola
94%
Liberia
93%
Sierra Leone
93%
Grande fiume che nasce dai monti della Guinea, attraversa 6 Paesi, per poi sfociare in NigeriaFiume {Niger}
89%
Paesi confinantiCosta d'Avorio
88%
CapitaleConakry
87%
Il 63% delle donne guineane ha _____ prima dei 18 anni, uno dei tassi più alti al mondo Figli
72%
La Guinea è il secondo produttore mondiale di bauxite, utilizzato per produrre questo metalloAlluminio
67%
Animale nazionaleElefante africano
62%
In Gran Bretagna, una "Guinea" era una moneta d'oro con un valore di ventuno ____Scellini
60%
Il più grande gruppo etnico (inizia con F) Fula
57%
Dittatore dell'indipendenza dal 1958 al 1984 Ahmed Sékou {Touré}
46%
Dittatore tra il 1984 e il 2008Lansana {Conté}
43%

Distribuzione punteggi

Percentile per numero di risposta

Percentuale di utenti per punteggio

I tuoi punteggi nel tempo

Non hai fatto questo quiz